000 00315nam a2200133Ia 4500
008 100328s9999 xx 000 0 und d
082 _b66849
100 _aLudlum Robert.
245 _aThe Ambler Warning.
260 _bOrion.
630 _aThe Ambler Warning.
730 _aThe Ambler Warning.
942 _cBOOK
999 _c552588
_d552585